| 000 | 00562nam a2200157Ia 4500 | ||
|---|---|---|---|
| 008 | 170221s9999 xx 000 0 und d | ||
| 100 | _aJennie Olofsson | ||
| 245 | _a‘Are You Fed up with Your PC? Get A Mac.’ Swedish Popular Media Representations of Digital Technologies and the Stockpiling Behavior of Consumers | ||
| 245 | _cJennie Olofsson. | ||
| 260 | _bStudies in Media and Communication | ||
| 260 | _c2013 | ||
| 300 | _a4 : | ||
| 650 | _xCommunication | ||
| 650 | _xMedia Arts | ||
| 856 | _uhttp://redfame.com/journal/index.php/smc/issue/view/31 | ||
| 999 |
_c308828 _d308828 |
||